LDR 01285naa#a2200169#i#450# 001 RU\\bibl\121324 005 20260517004943.7 011 ## _a1994-4683 100 ## _a20230803b2023####ek#y0rusy0150####ca 102 ## _aRU 200 1# _aОСОБЕННОСТИ РОДИТЕЛЬСКОЙ ПОЗИЦИИ ПРИ ОРГАНИЗАЦИИ СЕМЕЙНОГО ЧТЕНИЯ ДОШКОЛЬНИКОВ И МЛАДШИХ ШКОЛЬНИКОВ _eЖурнальная статья 210 1# _aМосква _cНациональный государственный Университет физической культуры, спорта и здоровья им. П.Ф. Лесгафта _d2023 215 ## _a4 с. 608 ## _aЖурнальная статья _2local 675 ## _aПроисхождение (источник) и причина свободного времени. Личные потребности, например потребности в покое. Социальный фон, например демократизация туризма. Материальные факторы,например, благосостояние. Природные факторы, например,ландшафт, климат. 379.8.091 _z 700 #1 _aПроцукович _gЕ П 856 4# _auchzapiski.lesgaft.spb.ru _u